|
|
|
|
| LEADER |
02635nam a22005415i 4500 |
| 001 |
978-3-642-23743-0 |
| 003 |
DE-He213 |
| 005 |
20151204170157.0 |
| 007 |
cr nn 008mamaa |
| 008 |
111011s2012 gw | s |||| 0|eng d |
| 020 |
|
|
|a 9783642237430
|9 978-3-642-23743-0
|
| 024 |
7 |
|
|a 10.1007/978-3-642-23743-0
|2 doi
|
| 040 |
|
|
|d GrThAP
|
| 050 |
|
4 |
|a GB1001-1199.8
|
| 072 |
|
7 |
|a RBK
|2 bicssc
|
| 072 |
|
7 |
|a SCI081000
|2 bisacsh
|
| 082 |
0 |
4 |
|a 551.4
|2 23
|
| 100 |
1 |
|
|a Zentner, Matthew.
|e author.
|
| 245 |
1 |
0 |
|a Design and impact of water treaties
|h [electronic resource] :
|b Managing climate change /
|c by Matthew Zentner.
|
| 264 |
|
1 |
|a Berlin, Heidelberg :
|b Springer Berlin Heidelberg,
|c 2012.
|
| 300 |
|
|
|a X, 214 p.
|b online resource.
|
| 336 |
|
|
|a text
|b txt
|2 rdacontent
|
| 337 |
|
|
|a computer
|b c
|2 rdamedia
|
| 338 |
|
|
|a online resource
|b cr
|2 rdacarrier
|
| 347 |
|
|
|a text file
|b PDF
|2 rda
|
| 490 |
1 |
|
|a Springer Theses
|
| 505 |
0 |
|
|a Introduction -- Literature Review -- Hypotheses, Definitions, and Explanatory Mechanisms -- Data and Methods: Treaties, Power, Scarcity, and Conflict -- Results -- Case Studies-Application of the Results -- Conclusions.
|
| 520 |
|
|
|a This study presents a unique way to utilize the existing literature to explain the success of treaties in managing hydrologic stress. Literature-derived core concepts are summarized as seven treaty mechanisms categories (specificity, uncertainty management, enforcement, communications, flexibility, integrativeness, and scale) and are hypothesized as important for shaping the institutional resiliency of a treaty. Treaty design is shown to have a relevant and important role in shaping basin management so that nations may better achieve their goals in a changing climate.
|
| 650 |
|
0 |
|a Earth sciences.
|
| 650 |
|
0 |
|a Environmental management.
|
| 650 |
|
0 |
|a Climate change.
|
| 650 |
|
0 |
|a Hydrogeology.
|
| 650 |
|
0 |
|a Atmospheric sciences.
|
| 650 |
|
0 |
|a Water pollution.
|
| 650 |
1 |
4 |
|a Earth Sciences.
|
| 650 |
2 |
4 |
|a Hydrogeology.
|
| 650 |
2 |
4 |
|a Water Policy/Water Governance/Water Management.
|
| 650 |
2 |
4 |
|a Climate Change/Climate Change Impacts.
|
| 650 |
2 |
4 |
|a Atmospheric Sciences.
|
| 650 |
2 |
4 |
|a Waste Water Technology / Water Pollution Control / Water Management / Aquatic Pollution.
|
| 650 |
2 |
4 |
|a Environmental Management.
|
| 710 |
2 |
|
|a SpringerLink (Online service)
|
| 773 |
0 |
|
|t Springer eBooks
|
| 776 |
0 |
8 |
|i Printed edition:
|z 9783642237423
|
| 830 |
|
0 |
|a Springer Theses
|
| 856 |
4 |
0 |
|u http://dx.doi.org/10.1007/978-3-642-23743-0
|z Full Text via HEAL-Link
|
| 912 |
|
|
|a ZDB-2-EES
|
| 950 |
|
|
|a Earth and Environmental Science (Springer-11646)
|